Nommez tous les pays d’Afrique situés sur la côte - Statistiques

Statistiques générales
  • Ce quiz a été pris 235 fois
    68 depuis la dernière actualisation
  • Le résultat moyen est 29 sur 32
Statistiques - réponses
Hint Réponse % Correct
M Maroc
100%
Algérie
98%
S Sénégal
98%
Guinée
97%
K Kenya
97%
E Egypte
95%
Ghana
95%
N Namibie
95%
Somalie
95%
T Tanzanie
95%
Togo
95%
A (3) Afrique du Sud
93%
D Djibouti
93%
Mauritanie
93%
(3) République Démocratique du Congo
93%
Angola
92%
Congo
92%
(2) Guinée-Bissau
92%
Libye
92%
Tunisie
92%
B Bénin
90%
C Cameroun
90%
Gabon
90%
Gambie
90%
(2 / 3) Côte d'Ivoire
88%
G (2) Guinée équatoriale
88%
Mozambique
88%
Érythrée
87%
L Libéria
87%
Nigeria
82%
Soudan
80%
(2) Sierra Leone
78%
Aucun quiz correspondant
Distribution des résultats
% des personnes avec chaque résultat
Percentile par nombre de réponses
Votre historique - résultats
Vous n’avez pas pris ce quiz depuis la dernière actualisation